书目信息 |
| 题名: |
中国景教
|
|
| 作者: | 朱谦之 著 | |
| 分册: | ||
| 出版信息: | 北京 人民出版社 1993.05 |
|
| 页数: | 264页 | |
| 开本: | 32开 | |
| 丛书名: | ||
| 单 册: | ||
| 中图分类: | B989.1 | |
| 科图分类: | ||
| 主题词: | 无神论 , 宗教 | |
| 电子资源: | ||
| ISBN: | 7-01-002626-2 | |
| 000 | 00545nam0 2200205 45 | |
| 001 | 0009101519 | |
| 005 | 20000910153259.4 | |
| 010 | @a7-01-002626-2@d16.50元 | |
| 100 | @a20000910d1993 km y0chiy0120 ea | |
| 101 | 0 | @achi |
| 105 | @a z 000yy | |
| 200 | 1 | @a中国景教@AZhong Guo Jing Jiao@f朱谦之 著@FZhu Qian Zhi Zhu |
| 210 | @a北京@c人民出版社@d1993.05 | |
| 215 | @a264页@d32开 | |
| 606 | 0 | @a无神论 |
| 606 | 0 | @a宗教 |
| 690 | @aB989.1@v3 | |
| 701 | 0 | @a朱谦之@4著 |
| 801 | @aCN@bPftUser@c20000910 | |
| 905 | @b133721-725@dB989.1@eZH974@f5 | |
| 中国景教/朱谦之 著.-北京:人民出版社,1993.05 |
| 264页;32开 |
| ISBN 7-01-002626-2:16.50元 |
| ● |
| 相关链接 |
|
|
|
正题名:中国景教
索取号:B989.1/ZH974
 
预约/预借
| 序号 | 登录号 | 条形码 | 馆藏地/架位号 | 状态 | 备注 |
| 1 | 133721 | 201337213 | 自科二线400A/400A自科库 11排2列3层/ [索取号:B989.1/ZH974] | 在馆 | |
| 2 | 133722 | 201337222 | 自科二线400A/400A自科库 11排2列4层/ [索取号:B989.1/ZH974] | 在馆 | |
| 3 | 133723 | 201337231 | 自科二线400A/400A自科库 11排2列3层/ [索取号:B989.1/ZH974] | 在馆 | |
| 4 | 133724 | 201337240 | 自科二线400A/400A自科库 13排2列2层/ [索取号:B989.1/ZH974] | 在馆 | |
| 5 | 133725 | 201337259 | 自科二线400A/400A自科库 11排2列4层/ [索取号:B989.1/ZH974] | 在馆 |